| 000 | 00889nam a22003137a 4500 | ||
|---|---|---|---|
| 001 | 0050301 | ||
| 003 | KOHA_MİRAKIL | ||
| 005 | 20260207003723.0 | ||
| 007 | ta | ||
| 008 | 150629b2014 tu |||gr||||#||||0|tur | | ||
| 020 | _a9786055007263 | ||
| 040 |
_aTR-BiSEU _btur _cTR-BiSEU _erda |
||
| 041 | 0 | _atur | |
| 044 | _ctu | ||
| 050 |
_aD24 _b.U93 2014 |
||
| 100 | 1 | _aUyanık, Vuslat. | |
| 245 | 1 |
_aTarihe yön veren olaylar/ _cVuslat Uyanık ; Vuslat Uyanık, Yeliz Aksoy. |
|
| 264 | 1 |
_aİstanbul : _bİconinn _c2014 |
|
| 300 | _a176 sayfa; 24 cm. | ||
| 336 |
_ametin _btxt _2rdacontent |
||
| 337 |
_aaracısız _bn _2rdamedia |
||
| 338 |
_acilt _bnc _2rdacarrier |
||
| 500 | _aKaynakça var. | ||
| 650 | 0 |
_aWorld history. _912602 |
|
| 650 | 0 |
_aDünya tarihi. _91475 |
|
| 650 | 0 |
_aTarih-- Çok yönlü. _992890 |
|
| 650 | 0 |
_aHistory --Miscellanea. _992891 |
|
| 942 |
_2lcc _cBK |
||
| 999 |
_c50136 _d50136 |
||